Państwa mające dostęp do Morza Adriatyckiego - Statystyki

Ogólne statystyki
  • Ten quiz został rozwiązany 16 razy
  • Średni wynik to 6 z 6
Statystyki odpowiedzi
Państwo % Poprawnych
Chorwacja
100%
Włochy
100%
Albania
93%
Bośnia i Hercegowina
93%
Słowenia
93%
Czarnogóra
86%
Nie znaleziono quizów pasujących do podanych kryteriów
Rozkład punktacji
Procent ludzi z każdym wynikiem
Percentyl według liczby udzielonych odpowiedzi
Twoja historia wyników
Nie rozwiązałeś tego quizu